| 000 | 00562cab a22001935a 4500 | ||
|---|---|---|---|
| 001 | L157464 | ||
| 008 | 121218e2012 xxk 000 0 eng d | ||
| 035 | _a(Sirsi) u157464 | ||
| 041 | 0 | _aeng | |
| 100 | 1 | _aStothart, Chloe | |
| 245 | 0 | 0 | _aPrice forecasts slip as margins slip |
| 260 | _a2012 | ||
| 490 |
_aConstruction News _v06 December 2012, 28-29 (2) |
||
| 510 | 4 | _aPredicts a slight fall in tender prices for 2013 as forecast by consultancies and BCIS. | |
| 590 | _aKA | ||
| 651 | 4 | _aUnited Kingdom -1973- | |
| 690 |
_aProcurement _96260 |
||
| 942 | _n0 | ||
| 999 |
_c84392 _d84392 |
||